| 000 | 00396pab a2200157 454500 | ||
|---|---|---|---|
| 008 | 180718b2007 xxu||||| |||| 00| 0 eng d | ||
| 100 | _aPrasad, Lakshman | ||
| 245 | _aEntrepreneurship: a perspective and strategic dimensions | ||
| 260 | _c2007 | ||
| 300 | _ap.360-68. | ||
| 362 | _aAug | ||
| 650 | _aEntrepreneurs | ||
| 773 | _aManagement and Labour Studies | ||
| 908 | _aN | ||
| 909 | _a76366 | ||
| 999 |
_c76366 _d76366 |
||